| 000 | 00573nam a2200217 a 4500 | ||
|---|---|---|---|
| 001 | BRCA_6540 | ||
| 005 | 20190320205510.0 | ||
| 008 | 290911s19151920gw-#######---#000-0#ger-# | ||
| 041 | _ager | ||
| 044 | _agw | ||
| 050 | 4 |
_aQL81 _b.B65 1920 |
|
| 100 | 1 |
_aBölsche, Wilhelm _d1861- _916327 |
|
| 245 | 1 | 0 |
_aVon wunder und Tieren _cvon Wilhelm Bölsche. |
| 260 |
_aStuttgart _bDeutsche _c1920, c1915 |
||
| 300 |
_a276 p. _c18 cm. |
||
| 500 | _aEstado físico: Encuadernación desprendida | ||
| 500 | _aL82 | ||
| 650 | 1 | 4 |
_aZoología _915602 |
| 902 | _aGFM | ||
| 942 |
_2lcc _cB |
||
| 999 |
_c6224 _d6224 |
||